| 000 | 00611nam a2200169 i 4500 | ||
|---|---|---|---|
| 001 | 38164 | ||
| 003 | ES-MaACL | ||
| 005 | 20230906155717.0 | ||
| 007 | t| | ||
| 008 | 030224s1952 sp ||||1| spa d | ||
| 100 | 1 |
_aCabrera Ponce, Pablo. _933318 |
|
| 245 | 1 | 4 |
_aLos prodigios del hipnotismo _b: anécdotas de la vida profesional del médico y destacado hipnólogo Dr. D. Antonio Yáñez Matos / _cpor Pablo Cabrera Ponce. |
| 260 |
_a[Las Palmas de Gran Canaria : _bs.n., _c1952] ( _fImp. Espino) |
||
| 300 |
_a130 p. : _bil. ; _c17 cm. |
||
| 650 | 0 | 4 |
_aHipnosis. _913363 |
| 852 |
_aES-MaACL _j1939-F-16 _bR.32464 |
||
| 999 |
_c38164 _d38164 |
||